美国寻宝记 (Record no. 62912)

000 -LEADER
fixed length control field 00566nam a22001937a 4500
003 - CONTROL NUMBER IDENTIFIER
control field MPLRDC
005 - DATE AND TIME OF LATEST TRANSACTION
control field 20220104184540.0
008 - FIXED-LENGTH DATA ELEMENTS--GENERAL INFORMATION
fixed length control field 210129b ||||| |||| 00| 0 eng d
020 ## - INTERNATIONAL STANDARD BOOK NUMBER
International Standard Book Number 978-7-5391-4692-8
082 ## - DEWEY DECIMAL CLASSIFICATION NUMBER
Classification number 859.9 WDDY v.5
100 ## - MAIN ENTRY--PERSONAL NAME
Personal name 小熊工作室 文、姜境孝 图
245 ## - TITLE STATEMENT
Title 美国寻宝记
Statement of responsibility, etc. 张卡 译
250 ## - EDITION STATEMENT
Edition statement 一版九刷(重印)
260 ## - PUBLICATION, DISTRIBUTION, ETC.
Place of publication, distribution, etc. 中国
Name of publisher, distributor, etc. 二十一世纪出版社
Date of publication, distribution, etc. 2011
300 ## - PHYSICAL DESCRIPTION
Other physical details
490 ## - SERIES STATEMENT
Series statement 我的第一本历史探险漫画书: 寻宝记系列: 5
650 ## - SUBJECT ADDED ENTRY--TOPICAL TERM
Topical term or geographic name entry element 儿童文学
942 ## - ADDED ENTRY ELEMENTS (KOHA)
Koha item type Book
-- 859.9 WDDY v.5
Holdings
Withdrawn status Lost status Source of classification or shelving scheme Damaged status Not for loan Collection code Home library Current library Shelving location Date acquired Cost, normal purchase price Total Checkouts Full call number Barcode Date last seen Date last checked out Price effective from Koha item type Public note
            Malaysian Public Library, Research and Development Centre Malaysian Public Library, Research and Development Centre   24/06/2011 25.00   859.9 WDDY v.5 00057953 18/03/2021 04/12/2018 18/03/2021 Book mplrdc

© 2022. Malaysian Public Library, Research and Development Centre. All Right ReservedE-mailmplrdc@help.edu.my 

Powered by Koha